[Event "Turniej Niepodleglosci 2022"]
[Site "Warsaw POL"]
[Date "2022.11.11"]
[Round "9.1"]
[White "Nasuta, Grzegorz"]
[Black "Gajewski, Grzegorz"]
[Result "0-1"]
[WhiteElo "2452"]
[BlackElo "2489"]

1. e4 c5 2. Nf3 d6 3. d4 cxd4 4. Nxd4 Nf6 5. Nc3 a6 6. Be2 e5 7. Nb3 Be7 8.
Be3 Be6 9. Nd5 Nbd7 10. Qd3 Bxd5 11. exd5 O-O 12. g4 a5 13. g5 Ne8 14. h4
a4 15. Nd2 a3 16. b4 f5 17. gxf6 Nexf6 18. Rg1 Qc7 19. c4 b5 20. cxb5 Rac8
21. Bd1 Kh8 22. Bb3 Nb6 23. Ke2 Qb7 24. Nc4 Nfxd5 25. Bc2 e4 26. Bb3 0-1

[Event "Turniej Niepodleglosci 2022"]
[Site "Warsaw POL"]
[Date "2022.11.11"]
[Round "9.2"]
[White "Golubka, Petro"]
[Black "Krasenkow, Michal"]
[Result "1/2-1/2"]
[WhiteElo "2360"]
[BlackElo "2450"]

1. d4 d6 2. Nf3 Bg4 3. Nbd2 Nf6 4. h3 Bh5 5. e4 Nbd7 6. c3 e5 7. Be2 Be7 8.
O-O O-O 9. Re1 c6 10. a4 a5 11. dxe5 dxe5 12. Nc4 Bxf3 13. Bxf3 Bc5 14. Bg4
Nxg4 15. Qxg4 Qe7 16. Bh6 f6 17. Be3 Bxe3 18. Nxe3 Rfd8 19. h4 Nc5 20. Nf5
Qc7 21. Red1 Kh8 22. h5 Ne6 23. h6 g6 24. Ne3 Ng5 25. Qh4 Rxd1+ 26. Rxd1
Rd8 27. Rxd8+ Qxd8 28. f4 Qd2 29. fxg5 Qxe3+ 30. Kh2 fxg5 31. Qg4 Qf4+ 32.
Kh3 Qxg4+ 33. Kxg4 Kg8 34. Kf3 Kf7 35. g4 Ke6 36. Ke3 Kd6 37. b4 axb4 38.
cxb4 c5 39. Kd3 cxb4 40. Kc4 b3 41. Kxb3 Kc5 42. Kc3 b6 43. Kb3 Kd4 44. Kb4
Kxe4 45. Kb5 Kf4 46. Kxb6 e4 47. a5 e3 48. a6 e2 49. a7 e1=Q 50. a8=Q Qb4+
51. Kc7 Kxg4 52. Qg8 Qe7+ 53. Kb8 Kf5 54. Qg7 Ke6 55. Kc8 g4 56. Qd4 Qf8+
57. Kc7 Qxh6 58. Qd6+ Kf7 59. Qd5+ Kf8 60. Qd6+ Kg8 61. Qe6+ Kh8 62. Qe8+
Kg7 63. Qe7+ Kg8 64. Qe6+ 1/2-1/2

[Event "Turniej Niepodleglosci 2022"]
[Site "Warsaw POL"]
[Date "2022.11.11"]
[Round "9.3"]
[White "Psyk, Radoslaw"]
[Black "Bartel, Mateusz"]
[Result "0-1"]
[WhiteElo "2330"]
[BlackElo "2533"]

1. e4 e5 2. Nf3 Nc6 3. Bb5 a6 4. Ba4 Nf6 5. O-O b5 6. Bb3 Bb7 7. d3 Be7 8.
Nc3 O-O 9. Nd5 Na5 10. Nxe7+ Qxe7 11. Bd2 Nxb3 12. axb3 d5 13. exd5 Nxd5
14. Re1 f6 15. d4 e4 16. c4 Qd7 17. cxd5 exf3 18. Qxf3 Bxd5 19. Qg3 Bb7 20.
Bf4 Rf7 21. Rad1 Bd5 22. h4 c6 23. Re3 Re8 24. Rde1 Rfe7 25. b4 Kf7 26. Kh2
Rxe3 27. Rxe3 Rxe3 28. Bxe3 h6 29. f3 Qe7 30. Bd2 g5 31. hxg5 hxg5 32. Qe1
Qd6+ 33. Qg3 Qe7 34. Qe1 Qd7 35. Qb1 Kg7 36. Kg1 Bxf3 37. Be3 Qg4 38. Qc2
Be4 39. Qd2 Kg6 40. Qf2 Qd1+ 41. Kh2 Qb3 42. Qd2 Qd5 43. Kg1 Qe6 44. Qe2
Qf5 45. Qd1 Bd5 46. Qd2 Qe4 47. Kh2 Qh4+ 48. Kg1 f5 49. Qd3 Qg3 50. Qd2
Bxg2 51. Bf2 Qh3 52. Be1 Qh1+ 53. Kf2 Qf1+ 54. Kg3 f4+ 55. Kh2 Qh1# 0-1

[Event "Turniej Niepodleglosci 2022"]
[Site "Warsaw POL"]
[Date "2022.11.11"]
[Round "9.4"]
[White "Kanarek, Marcel"]
[Black "Janczarski, Michal"]
[Result "1-0"]
[WhiteElo "2388"]
[BlackElo "2401"]

1. d4 Nf6 2. c4 e6 3. g3 c5 4. d5 exd5 5. cxd5 d6 6. Nc3 g6 7. Nf3 Bg7 8.
Bg2 O-O 9. O-O Re8 10. Bf4 Ne4 11. Nxe4 Rxe4 12. Nd2 Rb4 13. a3 Rxb2 14.
Nc4 b5 15. Nxb2 Bxb2 16. Rb1 Bxa3 17. Rxb5 Bb4 18. Qa1 g5 19. Be3 a5 20.
Bd4 cxd4 21. Rxb4 axb4 22. Qxa8 Qb6 23. Ra1 b3 24. Be4 Bh3 25. Rb1 Qb4 26.
Bd3 Kg7 27. Qa1 Nd7 28. e3 Ne5 29. Qxd4 Qxd4 30. exd4 Nxd3 31. Rxb3 Nc1 32.
Re3 Na2 33. Rb3 Bg4 34. f3 Bf5 35. Kf2 Kf6 36. Ke3 Nc1 37. Rc3 Na2 38. Rc4
h5 39. Kd2 h4 40. Ra4 Bb1 41. Ra3 Nb4 42. Rb3 Nxd5 43. Rxb1 hxg3 44. hxg3
Ke6 45. Re1+ Kf6 46. Kd3 Ne7 47. g4 Nd5 48. Ra1 Nf4+ 49. Ke3 Nd5+ 50. Ke4
Ke6 51. Ra5 Nc3+ 52. Kd3 Nd5 53. Ra1 Nf4+ 54. Ke4 Nd5 55. Rh1 Nf4 56. Rh6+
f6 57. Rh1 Nd5 58. Rh8 Nf4 59. Re8+ Kf7 60. Ra8 Ke6 61. Ra5 d5+ 62. Ke3 Kd6
63. Ra6+ Ke7 64. Kd2 Ne6 65. Kc3 Kf7 66. Ra7+ Kg6 67. Rd7 Nf4 68. Kb4 Nd3+
69. Kb5 Ne1 70. Rxd5 Nxf3 71. Kc5 Nh2 72. Rd8 Nxg4 73. d5 Kf5 74. Re8 Nh6
75. d6 Nf7 76. d7 g4 77. Rf8 Ng5 78. Re8 Nf7 79. Kd4 g3 80. Ke3 Kg4 81.
d8=Q 1-0

[Event "Turniej Niepodleglosci 2022"]
[Site "Warsaw POL"]
[Date "2022.11.11"]
[Round "9.6"]
[White "Kowalski, Igor"]
[Black "Nurkiewicz, Maciej"]
[Result "0-1"]
[WhiteElo "2299"]
[BlackElo "2246"]

1. d4 d5 2. c4 dxc4 3. e3 e6 4. Bxc4 Nf6 5. Nf3 a6 6. O-O c5 7. Nbd2 b5 8.
Bd3 Bb7 9. Qe2 Nbd7 10. a4 b4 11. e4 cxd4 12. e5 Nd5 13. Ne4 Qb6 14. Bg5 h6
15. Bh4 Nf4 16. Qd2 Nxd3 17. Qxd3 Nc5 18. Nxc5 Bxc5 19. Nd2 O-O 20. Rfc1 a5
21. Nc4 Qc6 22. Qg3 Qd5 23. Bf6 Qxg2+ 24. Qxg2 Bxg2 25. Kxg2 gxf6 26. exf6
Rfd8 27. Kf3 Rd5 28. Ke4 d3 29. Ne5 d2 30. Rg1+ Kf8 31. Rad1 Rad8 32. Rg7
Rxe5+ 33. Kxe5 Bd4+ 34. Ke4 Bxf6 35. Rg3 Bxb2 36. f4 f5+ 37. Ke3 Bc3 38.
Ke2 Rd4 39. Rf3 Re4+ 40. Re3 Rxe3+ 41. Kxe3 Ke7 42. Kd3 Kd6 43. Kc2 Kd5 44.
Kd3 e5 45. fxe5 Kxe5 46. h3 h5 47. Rf1 f4 48. Ke2 Ke4 49. h4 f3+ 50. Kd1
Ke3 51. Rh1 f2 52. Rh3+ Kf4 53. Rh1 Kg3 54. Ke2 Kg2 55. Rb1 d1=Q+ 56. Rxd1
Be1 0-1

[Event "Turniej Niepodleglosci 2022"]
[Site "Warsaw POL"]
[Date "2022.11.11"]
[Round "9.7"]
[White "Kozak, Antoni"]
[Black "Smykalo, Severyn"]
[Result "1-0"]
[WhiteElo "2326"]
[BlackElo "2040"]

1. d4 d5 2. c4 e6 3. Nc3 c6 4. e3 f5 5. g4 Nf6 6. gxf5 exf5 7. Bd3 Bb4 8.
Ne2 O-O 9. Qb3 Bxc3+ 10. Nxc3 Rf7 11. cxd5 cxd5 12. Bd2 Be6 13. O-O-O Nc6
14. Kb1 Rc8 15. Ne2 Ne4 16. Be1 Qd6 17. f3 Ng5 18. Bg3 Qb4 19. Nf4 Qd6 20.
Ne2 Qb4 21. Nf4 Nxf3 22. Be2 Ng5 23. h4 1-0

[Event "Turniej Niepodleglosci 2022"]
[Site "Warsaw POL"]
[Date "2022.11.11"]
[Round "9.8"]
[White "Jakubowski, Krzysztof"]
[Black "Zochowski, Kacper"]
[Result "1-0"]
[WhiteElo "2404"]
[BlackElo "2194"]

1. e4 d6 2. d4 g6 3. Nc3 Bg7 4. f4 Nf6 5. Nf3 O-O 6. Be3 b6 7. Qe2 c5 8.
O-O-O Bb7 9. e5 Ng4 10. Bg1 Qc8 11. d5 dxe5 12. h3 Nh6 13. fxe5 f6 14. Bh2
Nd7 15. e6 Nb8 16. g4 Na6 17. Bg2 Nc7 18. d6 exd6 19. Rxd6 Re8 20. Re1 Bf8
21. Rd7 Nxe6 22. Rxb7 Qxb7 23. Nd2 Qf7 24. Bxa8 Nc7 25. Qxe8 Nxe8 26. Bd5
1-0

[Event "Turniej Niepodleglosci 2022"]
[Site "Warsaw POL"]
[Date "2022.11.11"]
[Round "9.9"]
[White "Kubicka, Anna"]
[Black "Kosiorek, Marek"]
[Result "1/2-1/2"]
[WhiteElo "2162"]
[BlackElo "2347"]

1. e4 c6 2. Nf3 d5 3. Nc3 dxe4 4. Nxe4 Nf6 5. Qe2 Nxe4 6. Qxe4 Nd7 7. Bc4
Nf6 8. Ne5 e6 9. Qe2 Be7 10. O-O O-O 11. a4 Nd5 12. d3 Qc7 13. f4 Bd6 14.
d4 b6 15. Bd3 g6 16. Rf3 Bb7 17. Rh3 f5 18. Bd2 Rae8 19. Rf1 c5 20. c3 cxd4
21. cxd4 Qe7 22. Rff3 Rc8 23. Rfg3 Rf6 24. Qh5 Qg7 25. Qe2 Be7 26. Nf3 Bd6
27. Ng5 Nxf4 28. Bxf4 Bxf4 29. Rxh7 Rc1+ 30. Kf2 Bxg3+ 31. hxg3 Qxh7 32.
Nxh7 Kxh7 33. Qe5 Rf7 34. Qxe6 Rcc7 35. Qe5 Rce7 36. Qf4 Rd7 37. Bb5 Rc7
38. Bd3 Be4 39. Ke3 Rfe7 40. Kd2 Bxd3 41. Kxd3 Rcd7 42. Qh4+ Kg7 43. Qg5
Re4 44. Kc3 Rdxd4 45. b3 Rd7 46. Kb2 Re2+ 47. Kc3 Rxg2 48. Qf4 Rgd2 49.
Qe5+ Kf7 50. Kb4 R2d5 51. Qb8 a5+ 52. Ka3 R7d6 53. Qc7+ Kf6 54. Qc3+ Kg5
55. Qe3+ Kg4 56. Qf4+ Kh3 57. Qh4+ Kg2 58. Qf4 Rd4 59. Qe5 Rd3 60. Qf4 R6d4
61. Qe5 Re4 62. Qc7 Ree3 63. Qc6+ Kxg3 64. Qxg6+ Kf4 65. Qh6+ Kf3 66. Qh5+
Ke4 67. Qe8+ Kf4 68. Qb8+ Kf3 69. Qb7+ Kf2 70. Qf7 Rxb3+ 71. Ka2 Rf3 72.
Qd7 Rbd3 73. Qb7 Rd2+ 74. Kb1 Re2 75. Kc1 Rb3 76. Qd5 Rc3+ 77. Kd1 Rce3 78.
Qxf5+ Kg3 79. Qg5+ Kh3 80. Qh5+ Kg3 81. Qg5+ Kf2 82. Qf4+ Kg2 83. Qg4+ Kf1
84. Qf4+ Kg2 85. Qg4+ Kf2 86. Qf4+ 1/2-1/2

[Event "Turniej Niepodleglosci 2022"]
[Site "Warsaw POL"]
[Date "2022.11.11"]
[Round "9.10"]
[White "Chylewski, Patryk"]
[Black "Pacan-milej, Kosma"]
[Result "0-1"]
[WhiteElo "2168"]
[BlackElo "2302"]

1. e4 c6 2. Nf3 d5 3. d3 dxe4 4. dxe4 Qxd1+ 5. Kxd1 Nd7 6. Ne1 Nc5 7. f3 f5
8. Nd3 Nxd3 9. Bxd3 fxe4 10. Bxe4 Nf6 11. Bd3 g6 12. c3 Bg7 13. Re1 Bf5 14.
Bxf5 gxf5 15. Kc2 Kf7 16. Nd2 Nd5 17. Nc4 Rhg8 18. Bd2 Bf6 19. Re2 b5 20.
Na5 Rac8 21. a4 Nb6 22. axb5 cxb5 23. Nb3 Na4 24. Nc1 Rgd8 25. Nd3 a6 26.
g4 e6 27. g5 Bg7 28. f4 Rc6 29. Rd1 Rxd3 30. Kxd3 Nxb2+ 31. Kc2 Nxd1 32.
Kxd1 Bxc3 33. Be3 b4 34. Kc2 Bd4+ 35. Kd3 Bxe3 36. Kxe3 Rb6 37. Kd4 b3 38.
Rb2 a5 39. Kc5 Rb8 40. Kc4 a4 41. Kc3 e5 42. fxe5 Ke6 43. h4 Kxe5 44. h5 f4
45. g6 hxg6 46. hxg6 Kf6 47. g7 Kxg7 48. Rg2+ Kf6 49. Kb2 a3+ 50. Kxa3 b2
0-1

[Event "Turniej Niepodleglosci 2022"]
[Site "Warsaw POL"]
[Date "2022.11.11"]
[Round "9.11"]
[White "Mickiewicz, Piotr"]
[Black "Kacprzak, Karol"]
[Result "1-0"]
[WhiteElo "2138"]
[BlackElo "2296"]

1. Nf3 c5 2. e4 d6 3. d4 cxd4 4. Qxd4 Nf6 5. Nc3 Nc6 6. Bb5 Bd7 7. Qd3 e6
8. Bg5 Be7 9. O-O-O Qa5 10. e5 Nb4 11. Qc4 Ng8 12. Bxd7+ Kxd7 13. Bxe7 Nxe7
14. Rxd6+ Ke8 15. a3 Nbc6 16. Rhd1 Rc8 17. Qe4 h6 18. h4 b5 19. h5 b4 20.
axb4 Nxb4 21. Qb7 Nbc6 22. Rxc6 Nxc6 23. Qxc8+ Nd8 24. Qd7+ 1-0

[Event "Turniej Niepodleglosci 2022"]
[Site "Warsaw POL"]
[Date "2022.11.11"]
[Round "9.12"]
[White "Karolczuk, Iwo"]
[Black "Jarocka, Liwia"]
[Result "1-0"]
[WhiteElo "2245"]
[BlackElo "1989"]

1. e4 c5 2. Nc3 Nc6 3. Bb5 Nd4 4. Bc4 e6 5. Nf3 Ne7 6. Nxd4 cxd4 7. Ne2 Nc6
8. O-O Be7 9. d3 O-O 10. a4 d6 11. Ba2 e5 12. f4 Be6 13. Bxe6 fxe6 14. Bd2
Qd7 15. Qe1 exf4 16. Bxf4 e5 17. Bd2 Rxf1+ 18. Qxf1 Rf8 19. Qe1 d5 20. exd5
Qxd5 21. Ng3 Bh4 22. Qe4 Qxe4 23. Nxe4 Be7 24. g3 h6 25. Kg2 Kf7 26. Re1
Ke6 27. Re2 a6 28. g4 h5 29. gxh5 Rh8 30. Ng3 Bh4 31. Ne4 Be7 32. h6 gxh6
33. Kh3 Rg8 34. Rg2 Rxg2 35. Kxg2 Bf8 36. Kf3 Nd8 37. Kg4 Nf7 38. Kh5 Kf5
39. Ng3+ Kf6 40. Kg4 Ke6 41. Ne4 b5 42. axb5 axb5 43. Kh5 Kf5 44. Ng3+ Kf6
45. Kg4 Ke6 46. Ne4 Bg7 47. h4 Bf8 48. Kh5 Kf5 49. Ng3+ Kf6 50. Kg4 Ke6 51.
Ne4 Bg7 52. Nc5+ Kd5 53. Na6 Bf8 54. Nc7+ Kc6 55. Ne6 Be7 56. Ng7 Kd5 57.
Nf5 Bf8 58. Ng3 Ke6 59. Kf3 Kd5 60. Ne4 Ke6 61. Kg4 b4 62. b3 Be7 63. Kh5
Kd5 64. Kg6 Nd8 65. h5 Ne6 66. Bxh6 Nc5 67. Nxc5 Bxc5 68. Kf5 Be7 69. Bg7
1-0

[Event "Turniej Niepodleglosci 2022"]
[Site "Warsaw POL"]
[Date "2022.11.11"]
[Round "9.13"]
[White "Chomczyk, Marek"]
[Black "Bartel, Marta"]
[Result "1/2-1/2"]
[WhiteElo "2227"]
[BlackElo "2090"]

1. e4 c5 2. Nc3 Nc6 3. Bb5 d6 4. Bxc6+ bxc6 5. f4 g6 6. Nf3 Bg7 7. d3 Nf6
8. O-O O-O 9. Qe1 Rb8 10. b3 Ne8 11. Bd2 Nc7 12. Rd1 Nb5 13. Nxb5 cxb5 14.
Qg3 d5 15. f5 Rb7 16. Qh4 Qb6 17. fxg6 fxg6 18. exd5 c4+ 19. Kh1 cxd3 20.
cxd3 Bf5 21. Bh6 Qf6 22. Ng5 Bxh6 23. Qxh6 Qg7 24. Qxg7+ Kxg7 25. h3 h6 26.
Ne6+ Bxe6 27. Rxf8 Kxf8 28. dxe6 Rb6 29. Rf1+ Kg8 30. Re1 Rd6 31. Re3 Kg7
32. Kg1 Kf6 33. Kf2 Rxe6 34. Rf3+ Ke5 35. Re3+ Kd5 36. Rxe6 Kxe6 37. Ke3
Ke5 38. h4 h5 39. d4+ Kd5 40. Kd3 b4 41. Ke3 e5 42. dxe5 Kxe5 43. g3 Kf5
44. Kf3 a6 45. Ke3 g5 46. hxg5 Kxg5 47. Kf2 Kf5 48. Kf3 a5 49. Ke3 Ke5 50.
Kd3 Kd5 51. Ke3 Ke5 52. Kd3 Kf5 53. Ke3 Ke5 1/2-1/2

[Event "Turniej Niepodleglosci 2022"]
[Site "Warsaw POL"]
[Date "2022.11.11"]
[Round "9.14"]
[White "Bebel, Arkadiusz"]
[Black "Alvarado, Carlos"]
[Result "1/2-1/2"]
[WhiteElo "2195"]
[BlackElo "2003"]

1. Nf3 Nf6 2. g3 e6 3. Bg2 d5 4. O-O c5 5. d3 Be7 6. Nbd2 Nc6 7. e4 O-O 8.
Re1 b6 9. e5 Nd7 10. Nf1 Bb7 11. h4 Qc7 12. Bf4 d4 13. h5 Nb4 14. h6 g6 15.
Qe2 Qd8 16. N1h2 Nd5 17. Bd2 Rc8 18. Ng4 Ba8 19. c4 dxc3 20. bxc3 b5 21. a4
c4 22. axb5 cxd3 23. Qxd3 Nc5 24. Qe2 Nb3 25. Rxa7 Nxd2 26. Qxd2 Nxc3 27.
Rd7 Qe8 28. Rxe7 Qxe7 29. Nf6+ Kh8 30. Ng5 Bxg2 31. Kxg2 Qb7+ 32. Kh2 Qxb5
33. Qf4 Rc4 34. Qf3 Qc6 35. Qxc6 Rxc6 36. Ra1 Rc7 37. Nfxh7 Rd8 38. Nf6 Nd5
39. Nge4 Rb8 40. Kh3 Ne7 41. g4 Nd5 42. Kg3 Nxf6 43. Nxf6 Rcb7 44. f4 Rb1
45. Ra7 R1b7 46. Ra6 Rb6 47. Rxb6 Rxb6 48. Kh4 Rb4 49. Kg5 Rd4 50. Ne8 Ra4
51. Nd6 Kg8 52. Ne8 Rb4 53. Nf6+ Kh8 54. f5 gxf5 55. gxf5 Rb5 56. Kf4 Rb4+
57. Kg5 Rb5 58. Ng4 exf5 59. Kxf5 Kh7 60. Kg5 Rb6 61. Nf6+ Kh8 62. Kf5 Rb1
63. Kg5 Rg1+ 64. Kf5 1/2-1/2

[Event "Turniej Niepodleglosci 2022"]
[Site "Warsaw POL"]
[Date "2022.11.11"]
[Round "9.15"]
[White "Nguyen, Piotr"]
[Black "Syrkiewicz, Michal"]
[Result "1-0"]
[WhiteElo "2330"]
[BlackElo "1993"]

1. Nf3 d5 2. g3 Nf6 3. Bg2 c6 4. d4 e6 5. O-O Bd6 6. c4 O-O 7. Nc3 Nbd7 8.
Nd2 b6 9. e4 dxe4 10. Ndxe4 Nxe4 11. Nxe4 Be7 12. Qe2 Bb7 13. Rd1 Nf6 14.
Nc3 Qc7 15. Bf4 Bd6 16. Be5 Nd7 17. Bxd6 Qxd6 18. c5 Qe7 19. Ne4 bxc5 20.
dxc5 Nxc5 21. Nd6 Ba6 22. Qc2 Nb7 23. Qxc6 Nxd6 24. Qxd6 Qxd6 25. Rxd6 Be2
26. Re1 Bc4 27. Bxa8 Rxa8 28. b3 Bd5 29. Rc1 a5 30. Ra6 Rb8 31. Rxa5 h5 32.
h4 Rb4 33. Kf1 Kh7 34. Ra4 Rxa4 35. bxa4 Bxa2 36. a5 Kg6 37. a6 Kf5 38.
Rc5+ Ke4 39. a7 Kd4 40. a8=Q 1-0

[Event "Turniej Niepodleglosci 2022"]
[Site "Warsaw POL"]
[Date "2022.11.11"]
[Round "9.16"]
[White "Celinski, Kamil"]
[Black "Janeczko, Jakub"]
[Result "1/2-1/2"]
[WhiteElo "1860"]
[BlackElo "2105"]

1. e4 g6 2. d4 Bg7 3. Nf3 c6 4. a4 d5 5. exd5 cxd5 6. Bd3 Bg4 7. c3 Nf6 8.
h3 Bxf3 9. Qxf3 Nbd7 10. O-O O-O 11. Re1 e6 12. Na3 Qb6 13. Bf4 a6 14. Reb1
Rfc8 15. Nc2 Ne8 16. Ne3 Nd6 17. a5 Qc6 18. Bc2 b5 19. axb6 Nxb6 20. Bd3 a5
21. Ng4 Ne4 22. Nh6+ Bxh6 23. Bxh6 f5 24. Qf4 Qc7 25. Qh4 Nc4 26. Bxc4 dxc4
27. f3 Ng3 28. Re1 Nh5 29. Rxe6 Re8 30. Rae1 Kf7 31. Rxe8 Rxe8 32. Rxe8
Kxe8 33. Qe1+ Qe7 34. Qxe7+ Kxe7 35. Kf2 Ke6 36. g4 Nf6 37. Bg5 Nd5 38. Ke2
a4 39. Kd2 Kd6 40. Bh6 Ke6 41. Bf8 f4 42. Bh6 Kf6 43. h4 Ke6 44. Bf8 h5 45.
gxh5 gxh5 46. Bh6 Kf5 47. Ke2 Nxc3+ 48. Kd2 Nd5 49. Bf8 Ke6 50. Ke2 Kd7 51.
Kd2 Kc6 52. Ke2 Kb5 53. Bd6 c3 54. bxc3 Kc4 55. Kd2 Nxc3 56. Bxf4 Nd5 57.
Bd6 Kxd4 58. Kc2 Ke3 59. Kb2 Kxf3 60. Ka3 Kg4 61. Kxa4 Kxh4 62. Kb5 Kg4 63.
Kc4 Nf4 64. Be7 Ng6 65. Bf6 Kf5 66. Bd8 Ke4 67. Kc3 Nf4 68. Kd2 Ne6 69. Be7
Kf4 70. Ke2 Kg3 71. Kf1 Kh2 72. Kf2 Nf4 73. Bd6 1/2-1/2

[Event "Turniej Niepodleglosci 2022"]
[Site "Warsaw POL"]
[Date "2022.11.11"]
[Round "9.17"]
[White "Jakubowska, Anna"]
[Black "Skrzypczak, Piotr"]
[Result "1/2-1/2"]
[WhiteElo "2039"]
[BlackElo "2093"]

1. e4 g6 2. d4 Bg7 3. Nc3 d6 4. g3 Nf6 5. Bg2 O-O 6. Nge2 c6 7. a4 Nbd7 8.
O-O e5 9. h3 Re8 10. dxe5 dxe5 11. Be3 Nb6 12. b3 Qe7 13. a5 Nbd7 14. f4
exf4 15. gxf4 Nxe4 16. Nxe4 f5 17. Ra4 fxe4 18. Rxe4 Qf7 19. Ng3 Rxe4 20.
Nxe4 Nf6 21. Qd8+ Qf8 22. Qxf8+ Kxf8 23. Nd6 Bf5 24. Nxb7 Bxc2 25. b4 Nd5
26. Bc5+ Kg8 27. Rc1 Ba4 28. Bd6 Nc3 29. Kh2 Bb5 30. Be5 Na2 31. Rb1 Nc3
32. Rb3 1/2-1/2

[Event "Turniej Niepodleglosci 2022"]
[Site "Warsaw POL"]
[Date "2022.11.11"]
[Round "9.18"]
[White "Jedrusik, Adam"]
[Black "Gryciuk, Wojciech"]
[Result "0-1"]
[WhiteElo "1851"]
[BlackElo "2207"]

1. d4 c5 2. d5 b5 3. e4 a6 4. a4 b4 5. b3 e6 6. Bc4 e5 7. Ne2 d6 8. O-O f5
9. f4 fxe4 10. fxe5 dxe5 11. Bb2 Bd6 12. Ng3 Nf6 13. Nd2 e3 14. Nde4 O-O
15. Qe2 Nxe4 16. Nxe4 Bf5 17. Qxe3 Bxe4 18. Qxe4 Nd7 19. Bd3 Nf6 20. Rxf6
Rxf6 21. Qxh7+ Kf7 22. Qh5+ Kg8 23. Bg6 Rxg6 24. Qxg6 Qf6 25. Qd3 e4 26.
Bxf6 exd3 27. Bb2 dxc2 28. Rc1 c4 29. Rxc2 c3 30. Bxc3 bxc3 31. Rxc3 a5 32.
Rc6 Rd8 33. Kf2 Bb4 34. d6 Rxd6 35. Rc7 Rd3 36. h4 Rxb3 37. g4 Ra3 38. h5
Rxa4 39. g5 Kh7 40. h6 Bf8 41. Rf7 Kg8 42. h7+ Kxh7 43. Rxf8 Kg6 44. Rg8
Rg4 45. Ra8 Rxg5 46. Kf3 Rb5 47. Kg3 Kf5 48. Kf3 g5 49. Rf8+ Kg6 50. Rg8+
Kf6 51. Rf8+ Kg7 52. Ra8 Re5 53. Kg4 Kf6 54. Ra6+ Ke7 55. Kf3 Kd7 0-1

[Event "Turniej Niepodleglosci 2022"]
[Site "Warsaw POL"]
[Date "2022.11.11"]
[Round "9.19"]
[White "Bartel, Michal"]
[Black "Podgorski, Maciej"]
[Result "0-1"]
[WhiteElo "2151"]
[BlackElo "1959"]

1. e4 c5 2. Ne2 d6 3. g3 Nf6 4. Bg2 e6 5. O-O Be7 6. c3 O-O 7. d4 cxd4 8.
cxd4 Nc6 9. Nbc3 Bd7 10. h3 Rc8 11. Be3 Na5 12. b3 Bc6 13. f3 b6 14. Rc1
Bb7 15. g4 Nd7 16. f4 f5 17. d5 fxg4 18. hxg4 e5 19. Nb5 a6 20. Na3 Rxc1
21. Nxc1 Bc8 22. b4 Nb7 23. Nc4 b5 24. Nb2 exf4 25. Bxf4 Bg5 26. Nbd3 Bxf4
27. Nxf4 Ne5 28. Ne6 Rxf1+ 29. Bxf1 Qh4 30. Be2 Qg3+ 31. Kh1 Qe3 32. Qc2
Bd7 33. Kg2 Qh6 34. Qc7 Bxe6 35. dxe6 Qxe6 36. Qxb7 Nxg4 37. Qxa6 Qxe4+ 38.
Kg3 Ne5 39. Qxb5 Qe3+ 40. Kg2 Qg5+ 41. Kf2 Ng4+ 42. Bxg4 Qxb5 0-1

[Event "Turniej Niepodleglosci 2022"]
[Site "Warsaw POL"]
[Date "2022.11.11"]
[Round "9.20"]
[White "Winski, Lukasz"]
[Black "Dalkowski, Rafal"]
[Result "1/2-1/2"]
[WhiteElo "2112"]
[BlackElo "2030"]

1. e4 c5 2. c3 g6 3. d4 cxd4 4. cxd4 d5 5. e5 Bg7 6. Nc3 Nh6 7. h3 O-O 8.
Nf3 Nc6 9. Be3 Nf5 10. Be2 Nxe3 11. fxe3 Bf5 12. Qb3 e6 13. Qxb7 Rc8 14.
O-O Bh6 15. Nd1 Bc2 16. Rc1 Bxd1 17. Rcxd1 Bxe3+ 18. Kh1 Ne7 19. Bd3 Rb8
20. Qxa7 Rxb2 21. a4 Nf5 22. Bxf5 gxf5 23. Rd3 f4 24. Qc5 Ra2 25. Qb4 Qd7
26. a5 Qa4 27. Qe7 Qc2 28. Qg5+ Kh8 29. Qf6+ Kg8 1/2-1/2